| 000 | 00503nam a22001817a 4500 | ||
|---|---|---|---|
| 003 | NUST | ||
| 005 | 20220421120442.0 | ||
| 008 | 220311b ||||| |||| 00| 0 eng d | ||
| 020 | _a0-8014-9454-0 | ||
| 038 | _aMuhammad Ibrahim | ||
| 082 |
_a327.4701 _bSOV 1987 |
||
| 100 | _990576 | ||
| 245 |
_aThe Soviet Union and the Third World: _bthe last three decades\ _cAndrzej Korbonski. Editor |
||
| 260 |
_aLahore _bPAF Book Club _c1987 |
||
| 300 | _axv,317.p.; | ||
| 563 | _ahardcover | ||
| 942 |
_2ddc _cBK |
||
| 999 |
_c589301 _d589301 |
||